01010nam a22002657a 45000010005000000030006000050050017000110080041000280200018000690400029000870500016001160820011001321000026001432450070001692500045002392600038002843000061003225050008003835200241003915210020006325210020006526000020006726500019006927000033007113389FISKH20250815122954.0240301b cb ||||| |||| 00| 0 eng d a9780545448949 aFISKHbengcFISKHdFISKH aPZ7.R719445 a791.43 aRosenthal, Amy Krouse aSpoon / cby Amy Krouse Rosenthal ; illustrated by Scott Magoon  aFirst Scholastic printing , January 2012 aNew York : bScholastic , c2009  a32 unnumbered pages : bcolor illustrations ; c22 cm .  aK  aSpoon's always been a happy little utensil. But lately, he feels like life as a spoon just isn't cutting it. He thinks Fork, Knife, and The Chopsticks all have it so much better than him. But do they? And what do they think about Spoon?8 a520 bLexile 8 aK bRaz-Plus  2spoonsvFiction aFood vFiction aMagoon, Scott eillustrator